Potenciál ponuky cestovného ruchu v regióne Liptov pre segment mladých ľudí diplomová práca

Gespeichert in:
Bibliographische Detailangaben
1. Verfasser: Rybáriková, Elena
Körperschaft: Obchodná fakulta EU. Katedra služieb a cestovného ruchu - zrušené
Weitere Verfasser: Čechovičová, Adriána
Format: Buch
Sprache:Slowakisch
Veröffentlicht: Bratislava 2011
Tags: Tag hinzufügen
Keine Tags, Fügen Sie das erste Tag hinzu!

MARC

LEADER 00000nbm a2200000 4500
001 0132091
005 20161109101748.3
041 0 |a slo 
044 |a SK 
245 1 0 |a Potenciál ponuky cestovného ruchu v regióne Liptov pre segment mladých ľudí  |b diplomová práca  |c Elena Rybáriková ; školiteľ: Adriána Čechovičová 
264 1 |a Bratislava  |c 2011 
300 |a 65 s. 
100 1 |a Rybáriková, Elena 
700 1 |a Čechovičová, Adriána 
710 2 |a Obchodná fakulta EU. Katedra služieb a cestovného ruchu - zrušené